Diaľničné tunely na Slovensku - Statistics

General Stats
  • This quiz has been taken 62 times
  • The average score is 12 of 36
Answer Stats
Hint Answer % Correct
Dokončený Branisko
90%
Rozostavaný Višňové
86%
Dokončený Prešov
75%
Dokončený Bôrik
73%
Dokončený Sitina
69%
Rozostavaný Čebrať
68%
Dokončený Žilina
63%
Plánovaný Karpaty
56%
Dokončený Horelica
53%
Dokončený Ovčiarsko
49%
Dokončený Šibenik
44%
Rozostavaný Bikoš
42%
Plánovaný Soroška
42%
Plánovaný Dargov
41%
Plánovaný Havran
41%
Dokončený Svrčinovec
37%
Plánovaný Korbeľka
36%
Dokončený Poľana
36%
Dokončený Považský Chlmec
36%
Plánovaný Okruhliak
31%
Plánovaný Korytnica
20%
Plánovaný Dolný Kubín
17%
Plánovaný Osada
15%
Plánovaný Plešivec
15%
Plánovaný Baba
14%
Plánovaný Čertov Vrch
12%
Plánovaný Hanišberg
12%
Plánovaný Hradište
12%
Plánovaný Biely Potok
10%
Plánovaný Chotômka
10%
Plánovaný Prielohy
10%
Plánovaný Remata
10%
Plánovaný Šajba
10%
Plánovaný Biela Skala
8%
Plánovaný Mníchova Lehota
3%
Plánovaný Humienec
2%
No matching quizzes found
Score Distribution
Percent of People with Each Score
Percentile by Number Answered
Your Score History
You have not taken this quiz